| 000 | 01011nac a22003017a 4500 | ||
|---|---|---|---|
| 001 | BR0902009 | ||
| 003 | BR-BrBNA | ||
| 005 | 20240105123734.0 | ||
| 008 | 230509b bl.|||m| |||| 00| 0 por d | ||
| 040 |
_aBR-BrBNA _bpor _cBiblioteca Nacional de Agricultura |
||
| 072 | _aE14; A50 | ||
| 090 | _aE14 BR0902009 | ||
| 100 | 1 | _aGomes, G.C. | |
| 100 | 1 | _aAtrasas, A.L. | |
| 110 | 1 |
_aEMBRAPA Transferência de Tecnologia, Brasília, DF (Brasil) _93752 |
|
| 245 | 1 | _aGestão da inovação tecnológica: empreendedorismo e geração de tecnologia em instituição de pesquisa | |
| 260 | 3 |
_aBrasília, DF (Brasil): _c2006. |
|
| 300 | _a60 p. | ||
| 490 |
_aDocumentos - EMBRAPA Transferência de Tecnologia (Brazil) _vno. 4 _xISSN 1679-8791 |
||
| 650 | _aAGRONEGÓCIO | ||
| 650 | _aPESQUISA | ||
| 650 | _aINSTITUIÇÃO DE PESQUISA | ||
| 650 | _aTECNOLOGIA | ||
| 650 | _aINOVAÇÃO | ||
| 650 | _aTRANSFERÊNCIA DE TECNOLOGIA | ||
| 909 |
_a202312 _bLúcia Elande _c55 _dLúcia Elande |
||
| 942 |
_2AGRIS _n0 _cMS |
||
| 999 |
_c296781 _d296781 |
||